000 00778nam a22001937a 4500
005 20251108165025.0
008 250721s2009 xx 000 0 ara d
082 1 4 _a345.07/وري
100 1 _aالوريكات، محمد عبد الله
_eمؤلف
245 1 0 _aمبادئ علم العقاب : أولبات علم العقاب ، تطور الفكر العقابي في العصر الحديث ، الجزاء الجنائي ، المعاملة العقابية للمحكوم عليهم /
264 1 _aعمان :
_bوائل للنشر و التوزيع،
_c2009.
300 _a301 ص.
650 1 7 _aالقانون الجنااي
650 1 7 _aعلم الجريمه
650 1 7 _aالمجرمون
650 1 7 _aالعقوبات
942 _2ddc
_cBK
999 _c20204
_d20204